مكتبة جامعة عجلون الوطنية

فهرس بحث المكتبة

Normal view MARC view
  • الألعاب الرياضبة

Entry Topical Term

Number of records used in: 1

001 - CONTROL NUMBER

  • control field: 14439

003 - CONTROL NUMBER IDENTIFIER

  • control field: JO-AjAnu

005 - DATE AND TIME OF LATEST TRANSACTION

  • control field: 20230606072615.0

008 - FIXED-LENGTH DATA ELEMENTS

  • fixed length control field: 230606|| aca||aabn | a|a d

040 ## - CATALOGING SOURCE

  • Original cataloging agency: JO-AjAnu
  • Transcribing agency: JO-AjAnu

150 ## - HEADING--TOPICAL TERM

  • Topical term or geographic name entry element: الألعاب الرياضبة

670 ## - SOURCE DATA FOUND

  • Source citation: Work cat.: (JO-AjAnu)7418: درويش، كمال، م. مشارك الحماحمى، محمد، م.مشارك الخولى، أمين أنور, author 14438, الالعاب الرياضية تنظيمها وادارتها